Five nights at freddy's 1 quiz - Statistics

General Stats
  • This quiz has been taken 36 times
  • The average score is 14 of 18
Answer Stats
Hint Answer % Correct
animatronic bonnie
100%
animatronic chica
100%
animatronic foxy
100%
animatronic freddy
100%
animatronic golden freddy
100%
when was the bite? 1987
91%
what does chica's bib say? let's eat
88%
who guides you through the night? phone guy
81%
who is "the purple guy"? william afton
81%
who do you play as? mike schmidt
75%
where does foxy stand? pirate's cove
75%
what was the second animatronic called first? spring bonnie
69%
what was the first animatronic called first? fredbear
66%
who voiced the above? scott cawthon
66%
who helped creating fredbear's family diner? henry emily
63%
which cam is offline? kitchen
63%
animatronic endo 01
53%
animatronic cupcake
47%
No matching quizzes found
Score Distribution
Percent of People with Each Score
Percentile by Number Answered
Your Score History
You have not taken this quiz